header

Coherent effects in primary visual peception (Record no. 164187)

MARC details
000 -LEADER
fixed length control field 01402nam a2200373 a 4500
082 04 - DEWEY DECIMAL CLASSIFICATION NUMBER
Classification number 152.14
100 1# - MAIN ENTRY--AUTHOR NAME
Personal name Svet, V. D.
245 10 - TITLE STATEMENT
Title Coherent effects in primary visual peception
260 ## - PUBLICATION, DISTRIBUTION, ETC. (IMPRINT)
Place of publication New York :
Name of publisher Nova Science Publishers, Inc.,
Year of publication c2010.
300 ## - PHYSICAL DESCRIPTION
Number of Pages xiii, 56 p. :
Other physical details ill.
490 1# - SERIES STATEMENT
Series statement Eye and vision research developments
Series statement Novinka
650 #0 - SUBJECT ADDED ENTRY--TOPICAL TERM
Topical Term Visual perception.
700 1# - ADDED ENTRY--PERSONAL NAME
Personal name Khazen, A. M.
856 40 - ELECTRONIC LOCATION AND ACCESS
Uniform Resource Identifier http://site.ebrary.com/lib/rucke/Doc?id=10675183

No items available.

© 2026 Rongo University
Contact us: librarian | system librarian | Rongo university